| 000 | 00686nam a2200241Ia 4500 | ||
|---|---|---|---|
| 005 | 20250508165345.0 | ||
| 008 | 008 250505s9999 xx 000 0 eng d | ||
| 020 | _a978-1-107-68224-5 | ||
| 037 | _aTextual | ||
| 040 |
_aFEDL _beng _cFEDL |
||
| 041 |
_aeng _2eng |
||
| 084 |
_a155, PAP _qFEDL |
||
| 100 |
_aPapalia Diane E _9772273 |
||
| 245 | 0 | _aHuman development | |
| 250 | _a9 | ||
| 260 |
_aNew Delhi, India _bTata McGraw Hill Education Private Limited _c2004 |
||
| 300 | _axxviii, 706p. | ||
| 365 |
_aINR _b825 |
||
| 546 | _aCD Included | ||
| 700 |
_a Olds Sally Wendkos Feldman Ruth Duskin _9780585 |
||
| 942 |
_cTEXL _h155, PAP |
||
| 999 |
_c1394645 _d1394645 |
||